TRIPS agreement and intellectual property rights regime in India (Record no. 443877)

000 -LEADER
fixed length control field 00510cam a22001577a 4500
008 - FIXED-LENGTH DATA ELEMENTS--GENERAL INFORMATION
fixed length control field 180718b2014 xxu||||| |||| 00| 0 eng d
020 ## - INTERNATIONAL STANDARD BOOK NUMBER
International Standard Book Number 8192745635
082 ## - DEWEY DECIMAL CLASSIFICATION NUMBER
Classification number T39 Sa84
100 ## - MAIN ENTRY--PERSONAL NAME
Personal name Satyarthi, Shaiwal
245 ## - TITLE STATEMENT
Title TRIPS agreement and intellectual property rights regime in India
Statement of responsibility, etc. by Shaiwal Satyarthi
260 ## - PUBLICATION, DISTRIBUTION, ETC.
Place of publication, distribution, etc. New Delhi
Name of publisher, distributor, etc. Y S Books
Date of publication, distribution, etc. 2014
300 ## - PHYSICAL DESCRIPTION
Extent 491p.
650 ## - SUBJECT ADDED ENTRY--TOPICAL TERM
Topical term or geographic name entry element Intellectual property -- India
650 ## - SUBJECT ADDED ENTRY--TOPICAL TERM
Topical term or geographic name entry element Intellectual property (International law)
650 ## - SUBJECT ADDED ENTRY--TOPICAL TERM
Topical term or geographic name entry element World Trade Organization
Holdings
Withdrawn status Lost status Damaged status Not for loan Permanent Location Current Location Date acquired Full call number Barcode Date last seen Price effective from Koha item type
        Indian Institute of Public Administration Indian Institute of Public Administration 2014-05-26 T39 Sa84 85754 2018-07-21 2018-07-21 Book

Powered by Koha